[Event "Edmonton-ch"]
[Site "Edmonton CAN"]
[Date "2003.01.16"]
[Round "2.1"]
[White "Stark, Mark"]
[Black "Bjornsson, Yngvi"]
[Result "0-1"]
[WhiteElo "1738"]
[BlackElo "2101"]
[PlyCount "62"]
[EventDate "2003.01.02"]
[EventType "k.o."]
[EventRounds "4"]
[EventCountry "CAN"]
[SourceDate "2003.08.17"]

1. d4 d5 2. c4 c6 3. Nc3 e6 4. e4 dxe4 5. Nxe4 Bb4+ 6. Bd2 Qxd4 7. Bxb4 Qxe4+
8. Be2 c5 9. Bxc5 Qxg2 10. Bf3 Qg5 11. Ba3 Qa5+ 12. Kf1 Qc7 13. Ne2 Ne7 14. Qd2
O-O 15. b3 Rd8 16. Qc3 Nbc6 17. Bb2 e5 18. Rg1 Bf5 19. Nf4 Nd4 20. Nd5 Bh3+ 21.
Bg2 Bxg2+ 22. Rxg2 Nxd5 23. Qg3 Nf5 24. Qg5 Nde7 25. Re1 Qc6 26. Bxe5 Qh6 27.
Qxh6 Nxh6 28. Bxg7 Nhf5 29. Bh6+ Ng6 30. Bg5 Re8 31. h4 Rxe1+ 0-1

[Event "Edmonton-ch"]
[Site "Edmonton CAN"]
[Date "2003.01.23"]
[Round "2.2"]
[White "Hughey, Micah"]
[Black "Grumic, Sasa"]
[Result "0-1"]
[WhiteElo "2021"]
[BlackElo "2200"]
[PlyCount "26"]
[EventDate "2003.01.02"]
[EventType "k.o."]
[EventRounds "4"]
[EventCountry "CAN"]

1. e4 g6 2. d4 Bg7 3. Nc3 c5 4. d5 d6 5. Nf3 Nd7 6. Be2 Ngf6 7. O-O O-O 8. a4
Rb8 9. Nd2 a6 10. f4 e6 11. dxe6 fxe6 12. Nc4 Ne8 13. Nxd6 Bd4+ 0-1

[Event "Edmonton-ch"]
[Site "Edmonton CAN"]
[Date "2003.01.30"]
[Round "3.1"]
[White "Bjornsson, Yngvi"]
[Black "Gardner, Robert"]
[Result "0-1"]
[WhiteElo "2101"]
[BlackElo "2229"]
[PlyCount "70"]
[EventDate "2003.01.02"]
[EventType "k.o."]
[EventRounds "4"]
[EventCountry "CAN"]
[SourceDate "2003.08.17"]

1. e4 c5 2. Nc3 Nc6 3. g3 g6 4. Bg2 Bg7 5. d3 d6 6. Be3 Rb8 7. Qd2 b5 8. Nge2
b4 9. Nd1 Qb6 10. O-O e6 11. h3 Nd4 12. Re1 e5 13. c3 Nxe2+ 14. Rxe2 Ne7 15.
Bh6 O-O 16. Bxg7 Kxg7 17. Ne3 Be6 18. Rf1 f5 19. f4 fxe4 20. dxe4 exf4 21. gxf4
Rbe8 22. f5 Bxa2 23. Ng4 Ng8 24. Ne3 Nf6 25. c4 Bb3 26. Qd3 Ba4 27. fxg6 hxg6
28. Ref2 Qd8 29. Ng4 Nxg4 30. hxg4 Rxf2 31. Rxf2 Bc6 32. Rd2 Re6 33. Qg3 Bxe4
34. Bxe4 Rxe4 35. Rxd6 Qc8 0-1

[Event "Edmonton-ch"]
[Site "Edmonton CAN"]
[Date "2003.01.30"]
[Round "3.1"]
[White "Vasylev, Yuri"]
[Black "Hughey, Micah"]
[Result "1-0"]
[WhiteElo "2204"]
[BlackElo "2021"]
[PlyCount "85"]
[EventDate "2003.01.02"]
[EventType "k.o."]
[EventRounds "4"]
[EventCountry "CAN"]

1. e4 e5 2. Nf3 Nc6 3. Bc4 Nf6 4. d3 Bc5 5. O-O d6 6. c3 a6 7. d4 Ba7 8. dxe5
Nxe5 9. Nxe5 dxe5 10. Qxd8+ Kxd8 11. Bg5 Ke7 12. Nd2 Be6 13. Bb3 Rad8 14. Nf3
Bxb3 15. axb3 Ke6 16. Ra5 c5 17. Re1 Rd7 18. Bh4 h6 19. Bg3 Bb6 20. Ra4 Bc7 21.
b4 c4 22. b5 axb5 23. Rb4 Nh5 24. Rxb5 Nxg3 25. hxg3 Rb8 26. Ra1 f6 27. Ra4
Rd1+ 28. Kh2 Rf1 29. Rxc4 Bd8 30. g4 Rxf2 31. Kg3 Re2 32. Nh4 b6 33. Nf5 g6 34.
Kf3 Rd2 35. Nxh6 Ra8 36. g5 fxg5 37. Rc6+ Kd7 38. Rxg6 Ra2 39. Nf7 Raxb2 40.
Nxe5+ Ke8 41. Rxb2 Rxb2 42. Rg8+ Ke7 43. Nc6+ 1-0

[Event "Edmonton-ch"]
[Site "Edmonton CAN"]
[Date "2003.02.06"]
[Round "3.2"]
[White "Gardner, Robert"]
[Black "Bjornsson, Yngvi"]
[Result "1/2-1/2"]
[WhiteElo "2232"]
[BlackElo "2101"]
[PlyCount "137"]
[EventDate "2003.01.02"]
[EventType "k.o."]
[EventRounds "4"]
[EventCountry "CAN"]

1. e4 c6 2. d4 d5 3. exd5 cxd5 4. c4 Nf6 5. Nf3 Nc6 6. c5 b6 7. Ne5 Bd7 8. Nxd7
Nxd7 9. Bb5 Qc7 10. Qa4 Rc8 11. cxb6 Nxb6 12. Qa6 e5 13. O-O Bd6 14. dxe5 Bxe5
15. Bxc6+ Qxc6 16. Qe2 O-O 17. Qxe5 Qxc1 18. Na3 Qc6 19. Qf4 Rfe8 20. Rac1 Qa4
21. Qxa4 Nxa4 22. Rxc8 Rxc8 23. b3 Nc3 24. Ra1 Nxa2 25. Kf1 Rc1+ 26. Rxc1 Nxc1
27. b4 Kf8 28. Nc2 Ke7 29. Ke1 Nd3+ 30. Ke2 Nf4+ 31. Kf3 Ne6 32. Ne3 Nd4+ 33.
Kf4 Ke6 34. h4 Nc6 35. Nc2 d4 36. Ke4 f5+ 37. Kd3 Kd5 38. b5 Ne5+ 39. Kd2 f4
40. g3 fxg3 41. fxg3 h5 42. Kd1 Ke4 43. Nb4 d3 44. Nc6 Nc4 45. Nxa7 Ke3 46. Nc6
Nb2+ 47. Kc1 d2+ 48. Kxb2 d1=Q 49. Kc3 Qd3+ 50. Kb4 Qd6+ 51. Ka5 Qc7+ 52. Ka6
Kf3 53. Na5 Kxg3 54. b6 Qd6 55. Ka7 Kxh4 56. b7 Qc5+ 57. Ka6 Qb4 58. Nc6 Qxb7+
59. Kxb7 Kg3 60. Nd4 g5 61. Kc6 g4 62. Kd5 Kf2 63. Ke4 g3 64. Nf3 g2 65. Kf4 h4
66. Ng5 g1=Q 67. Nh3+ Kg2 68. Nxg1 Kxg1 69. Kg4 1/2-1/2

[Event "Edmonton-ch"]
[Site "Edmonton CAN"]
[Date "2003.02.06"]
[Round "3.2"]
[White "Hughey, Micah"]
[Black "Vasylev, Yuri"]
[Result "1/2-1/2"]
[WhiteElo "2021"]
[BlackElo "2200"]
[PlyCount "106"]
[EventDate "2003.01.02"]
[EventType "k.o."]
[EventRounds "4"]
[EventCountry "CAN"]

1. e4 c5 2. Nf3 Nc6 3. c3 d5 4. exd5 Qxd5 5. d4 cxd4 6. cxd4 Bg4 7. Be2 e6 8.
h3 Bh5 9. Nc3 Qd7 10. O-O Nf6 11. Be3 Bd6 12. Qb3 O-O 13. Rfd1 Rfd8 14. Ne5 Qe7
15. g4 Bg6 16. Nxg6 hxg6 17. d5 Nxd5 18. Nxd5 exd5 19. Rxd5 Be5 20. Rad1 Rxd5
21. Rxd5 Re8 22. Bf3 b6 23. Qa4 Nb8 24. b3 Rc8 25. Rd1 g5 26. Kg2 Bf6 27. b4 g6
28. b5 Kg7 29. Bc1 Rc7 30. Ba3 Qe6 31. Bd6 Rc4 32. Qxa7 Nd7 33. Bc6 Ne5 34.
Bxe5 Qxe5 35. Bd5 Qc7 36. Qa8 Rc2 37. Qe8 Qe7 38. Bxf7 Qxe8 39. Bxe8 Rxa2 40.
Rd7+ Kh6 41. Rd6 Kg7 42. Rxb6 Rxf2+ 43. Kxf2 Bd4+ 44. Kf3 Bxb6 45. Ke4 Kf8 46.
Bxg6 Ke7 47. Kd5 Kd7 48. Bf5+ Kc7 49. h4 gxh4 50. g5 Be3 51. g6 Bh6 52. Ke4 Kb6
53. Bd7 Bg7 1/2-1/2

[Event "Edmonton-ch"]
[Site "Edmonton CAN"]
[Date "2003.02.13"]
[Round "4.1"]
[White "Vasylev, Yuri"]
[Black "Gardner, Robert"]
[Result "1/2-1/2"]
[WhiteElo "2204"]
[BlackElo "2229"]
[PlyCount "100"]
[EventDate "2003.01.02"]
[EventType "k.o."]
[EventRounds "4"]
[EventCountry "CAN"]

1. e4 c5 2. Nf3 d6 3. d4 cxd4 4. Nxd4 Nf6 5. Nc3 a6 6. Be2 e5 7. Nb3 Be7 8. O-O
O-O 9. Be3 Be6 10. Bf3 Nbd7 11. g4 Nb6 12. g5 Nfd7 13. h4 f6 14. Bg4 Bc4 15.
Re1 fxg5 16. hxg5 Bxg5 17. Qxd6 Bf4 18. Bxb6 Nxb6 19. Qxd8 Raxd8 20. Rad1 Bg5
21. Na5 Bf7 22. Nxb7 Rd2 23. Rxd2 Bxd2 24. Rd1 Bxc3 25. bxc3 Bxa2 26. Ra1 Bc4
27. Ra5 Bb5 28. Nd6 Bd7 29. Bxd7 Nxd7 30. Rxa6 Nc5 31. Rc6 Ne6 32. Nc4 Ng5 33.
Nxe5 Nh3+ 34. Kg2 Nxf2 35. Rc4 Nd1 36. Kg3 Ne3 37. Rc7 Nxc2 38. Nd7 Rd8 39. Kf4
Na3 40. e5 Nb5 41. Rc5 Rxd7 42. Rxb5 Rc7 43. e6 Kf8 44. Ke5 Rxc3 45. Rb8+ Ke7
46. Rb7+ Ke8 47. Rxg7 Re3+ 48. Kf5 Rf3+ 49. Ke4 Rf1 50. Rxh7 Re1+ 1/2-1/2

[Event "Edmonton-ch"]
[Site "Edmonton CAN"]
[Date "2003.02.20"]
[Round "4.2"]
[White "Gardner, Robert"]
[Black "Vasylev, Yuri"]
[Result "0-1"]
[WhiteElo "2232"]
[BlackElo "2204"]
[PlyCount "132"]
[EventDate "2003.01.02"]
[EventType "k.o."]
[EventRounds "4"]
[EventCountry "CAN"]

1. e4 e5 2. Nf3 Nc6 3. d4 exd4 4. Nxd4 Qh4 5. Nb5 Qxe4+ 6. Be2 Kd8 7. O-O Nf6
8. N1c3 Qe5 9. Re1 Bc5 10. Bd3 Qh5 11. Qxh5 Nxh5 12. Nd5 d6 13. Bg5+ f6 14. Bd2
Bb6 15. Be2 g6 16. g4 Ng7 17. Bc3 Ne5 18. Kg2 Be6 19. Nxf6 Ke7 20. g5 Nf5 21.
Bxe5 dxe5 22. Ng4 Rhf8 23. f3 Nh4+ 24. Kg3 Bxg4 25. Kxg4 Rf4+ 26. Kg3 Nf5+ 27.
Kh3 Rh4+ 28. Kg2 Ne3+ 29. Kg3 Rb4 30. Bd3 Rxb2 31. Nc3 Rd8 32. Na4 Rxd3 33.
cxd3 Nf5+ 34. Kh3 Rf2 35. Nxb6 axb6 36. Rxe5+ Kd6 37. Re8 Rxf3+ 38. Kg2 Nh4+
39. Kh1 Rf2 40. Rae1 Rxa2 41. Rd8+ Kc5 42. Rc1+ Kb5 43. Rd7 Nf3 44. Rxh7 c5 45.
Rf1 Nxg5 46. Rxb7 Ka6 47. Rg7 Nh3 48. Rxg6 Nf2+ 49. Kg2 Nxd3+ 50. Kg3 c4 51.
Rc6 Kb5 52. Rff6 Ra6 53. h4 Nc5 54. Kf3 Nd7 55. Rfe6 Ne5+ 56. Rxe5+ Kxc6 57.
Ke4 Ra1 58. Kd4 b5 59. Re6+ Kd7 60. Rg6 Rd1+ 61. Kc3 Rd3+ 62. Kc2 b4 63. Rg4
b3+ 64. Kb2 Rd2+ 65. Kc1 c3 66. Rg1 Ra2 0-1

[Event "Edmonton-ch Reserves"]
[Site "Edmonton CAN"]
[Date "2003.01.02"]
[Round "1"]
[White "Asquith, Tom"]
[Black "Fokkema, Jerred"]
[Result "1/2-1/2"]
[WhiteElo "1633"]
[BlackElo "1191"]
[PlyCount "69"]
[EventDate "2003.01.02"]
[EventType "swiss"]
[EventRounds "8"]
[EventCountry "CAN"]

1. c4 e5 2. g3 Nc6 3. Nc3 Nf6 4. Bg2 d6 5. e4 Bg4 6. f3 Bd7 7. Nge2 Be7 8. d3
O-O 9. f4 exf4 10. Nxf4 Bg4 11. Bf3 Bxf3 12. Qxf3 Nd4 13. Qf2 Nc6 14. O-O Ne5
15. Qe2 Ng6 16. Be3 Nxf4 17. gxf4 Qd7 18. f5 c6 19. Kh1 Rfe8 20. Rg1 Kh8 21.
Rg3 g6 22. Bh6 Nh5 23. Rg2 Bf6 24. Rag1 Rg8 25. Qf3 Bxc3 26. bxc3 Ng7 27. Qh3
f6 28. Rxg6 hxg6 29. Rxg6 Nh5 30. Qxh5 Rxg6 31. fxg6 Kg8 32. Be3 Re8 33. Bd4
Qg7 34. Qf5 Rf8 35. Qe6+ 1/2-1/2

[Event "Edmonton-ch Reserves"]
[Site "Edmonton CAN"]
[Date "2003.01.16"]
[Round "3"]
[White "Asquith, Tom"]
[Black "Davies, Bob"]
[Result "1-0"]
[WhiteElo "1633"]
[BlackElo "1718"]
[PlyCount "85"]
[EventDate "2003.01.02"]
[EventType "swiss"]
[EventRounds "8"]
[EventCountry "CAN"]

1. e4 e5 2. Nf3 Nf6 3. d4 Nxe4 4. Bd3 d5 5. dxe5 g6 6. O-O Bg7 7. Re1 Nc5 8. c3
O-O 9. Bc2 Re8 10. Bf4 Bg4 11. Nbd2 Nc6 12. h3 Be6 13. b4 Nd7 14. Nb3 Nb6 15.
b5 Ne7 16. Nbd4 c5 17. Nxe6 fxe6 18. Ng5 Nf5 19. Bxf5 gxf5 20. Qh5 h6 21. Qf7+
Kh8 22. Nxe6 Rxe6 23. Qxe6 Qh4 24. Qxf5 Rf8 25. Bg3 Qc4 26. Qg6 Qxc3 27. Rac1
Qb4 28. Qd6 Rc8 29. e6 Qxb5 30. e7 Re8 31. Be5 Nc4 32. Bxg7+ Kxg7 33. Qxd5 Nb6
34. Qe5+ Kh7 35. Rxc5 Qb4 36. Qe4+ Qxe4 37. Rxe4 Nd7 38. Rc7 Nf6 39. Rd4 Kg7
40. Rd8 Kf7 41. Rxe8 Kxe8 42. Rxb7 Nd5 43. Rxa7 1-0

[Event "Edmonton-ch Reserves"]
[Site "Edmonton CAN"]
[Date "2003.01.23"]
[Round "4"]
[White "Rekhson, Vladislav"]
[Black "Yamach, Ahmet"]
[Result "1-0"]
[WhiteElo "1671"]
[BlackElo "1841"]
[PlyCount "63"]
[EventDate "2003.01.02"]
[EventType "swiss"]
[EventRounds "8"]
[EventCountry "CAN"]

1. e4 c5 2. Nf3 d5 3. exd5 Qxd5 4. Nc3 Qd8 5. d4 e6 6. d5 Nf6 7. Bb5+ Bd7 8.
dxe6 fxe6 9. Ng5 Ke7 10. Qe2 Qb6 11. O-O h6 12. Nh3 g5 13. Bc4 Nc6 14. f4 Nd4
15. Qe5 g4 16. Ng5 Rg8 17. f5 Qd6 18. Nd5+ Nxd5 19. f6+ Nxf6 20. Qxf6+ Ke8 21.
Qf7+ Kd8 22. Qxg8 hxg5 23. Qxf8+ Qxf8 24. Rxf8+ Be8 25. Bxg5+ Kd7 26. Rd1 Kc6
27. c3 b5 28. cxd4 bxc4 29. dxc5 Kxc5 30. Rd8 Rxd8 31. Bxd8 Bg6 32. h4 1-0

[Event "Edmonton-ch Reserves"]
[Site "Edmonton CAN"]
[Date "2003.01.30"]
[Round "5"]
[White "Asquith, Tom"]
[Black "McIntosh, Danny"]
[Result "1-0"]
[WhiteElo "1633"]
[BlackElo "1739"]
[PlyCount "43"]
[EventDate "2003.01.02"]
[EventType "swiss"]
[EventRounds "8"]
[EventCountry "CAN"]

1. e4 c5 2. Nc3 e6 3. g3 d5 4. exd5 exd5 5. d4 Nf6 6. Bg2 cxd4 7. Qxd4 Nc6 8.
Qd1 Bb4 9. Nge2 Bg4 10. h3 Bxe2 11. Qxe2+ Ne7 12. Bd2 O-O 13. O-O Re8 14. Qd3
Rc8 15. Rad1 Qd7 16. a3 Bc5 17. b4 Bb6 18. Bg5 Rxc3 19. Qxc3 Ne4 20. Bxe4 Qxh3
21. Bg2 Qxg3 22. Qxg3 1-0

[Event "Edmonton-ch Reserves"]
[Site "Edmonton CAN"]
[Date "2003.01.30"]
[Round "5"]
[White "Gagnon, Josh"]
[Black "Verlik, Val"]
[Result "1-0"]
[WhiteElo "1699"]
[BlackElo "1480"]
[PlyCount "39"]
[EventDate "2003.01.02"]
[EventType "swiss"]
[EventRounds "8"]
[EventCountry "CAN"]

1. e4 e5 2. Nf3 d6 3. d4 Bg4 4. dxe5 Bxf3 5. Qxf3 dxe5 6. Bc4 Qf6 7. Qb3 b6 8.
Nc3 Bc5 9. O-O Ne7 10. Nb5 Bd6 11. Nxd6+ cxd6 12. Bd5 Nbc6 13. Bxc6+ Nxc6 14.
Qd5 Rc8 15. Rd1 Nd4 16. c3 Nc2 17. Qb5+ Ke7 18. Rb1 Nd4 19. cxd4 exd4 20. Bg5
1-0

[Event "Edmonton-ch Reserves"]
[Site "Edmonton CAN"]
[Date "2003.01.30"]
[Round "5"]
[White "Stark, Mark"]
[Black "Wihnon, Jason"]
[Result "1/2-1/2"]
[WhiteElo "1738"]
[BlackElo "1807"]
[PlyCount "53"]
[EventDate "2003.01.02"]
[EventType "swiss"]
[EventRounds "8"]
[EventCountry "CAN"]

1. d4 Nf6 2. c4 g6 3. Nc3 d5 4. cxd5 Nxd5 5. Bd2 Nxc3 6. Bxc3 Bg7 7. Qd2 O-O 8.
e4 c5 9. d5 Bxc3 10. Qxc3 e6 11. Bc4 exd5 12. Bxd5 Nc6 13. Qxc5 Qf6 14. Qc3 Qg5
15. Nf3 Qxg2 16. Rg1 Qh3 17. Rg3 Qh6 18. h4 Be6 19. Bxe6 fxe6 20. Qb3 Rxf3 21.
Qxf3 Nd4 22. Qf6 Nc2+ 23. Kd1 Nxa1 24. Qxe6+ Kh8 25. Qf6+ Kg8 26. Qe6+ Kh8 27.
Qf6+ 1/2-1/2

[Event "Edmonton-ch Reserves"]
[Site "Edmonton CAN"]
[Date "2003.02.06"]
[Round "6"]
[White "Regimbald, Adrien"]
[Black "Asquith, Tom"]
[Result "0-1"]
[WhiteElo "1753"]
[BlackElo "1653"]
[PlyCount "24"]
[EventDate "2003.01.02"]
[EventType "swiss"]
[EventRounds "8"]
[EventCountry "CAN"]

1. c4 b6 2. d4 e6 3. Nc3 Bb7 4. Nf3 f5 5. d5 Nf6 6. Bf4 Bc5 7. dxe6 O-O 8. exd7
Nbxd7 9. Ne5 Ne4 10. Nxe4 fxe4 11. Nxd7 Rxf4 12. Nxc5 bxc5 0-1

[Event "Edmonton-ch Reserves"]
[Site "Edmonton CAN"]
[Date "2003.02.13"]
[Round "7"]
[White "Kazakevich, Alexander"]
[Black "Hughey, Micah"]
[Result "0-1"]
[WhiteElo "1670"]
[BlackElo "2008"]
[PlyCount "64"]
[EventDate "2003.01.02"]
[EventType "swiss"]
[EventRounds "8"]
[EventCountry "CAN"]

1. e4 Nf6 2. e5 Nd5 3. c4 Nb6 4. d4 d6 5. exd6 cxd6 6. Nf3 g6 7. Nc3 Bg7 8. c5
dxc5 9. Bb5+ N6d7 10. dxc5 O-O 11. Be3 Qa5 12. Bd4 e5 13. Be3 e4 14. Nd4 Nxc5
15. Qc2 Rd8 16. O-O-O Bg4 17. f3 exf3 18. Nxf3 Nbd7 19. Rd4 Bf5 20. Qd1 Rac8
21. Bc4 b5 22. Bxf7+ Kxf7 23. Ng5+ Kg8 24. g4 b4 25. gxf5 bxc3 26. fxg6 cxb2+
27. Kb1 hxg6 28. Rd5 Nf6 29. Bxc5 Rxd5 30. Qb3 Qxc5 31. Ne6 Qc1+ 32. Rxc1
bxc1=Q# 0-1

[Event "Edmonton-ch Reserves"]
[Site "Edmonton CAN"]
[Date "2003.02.20"]
[Round "8"]
[White "Grumic, Sasa"]
[Black "Wihnon, Jason"]
[Result "1-0"]
[WhiteElo "2200"]
[BlackElo "1807"]
[PlyCount "47"]
[EventDate "2003.01.02"]
[EventType "swiss"]
[EventRounds "8"]
[EventCountry "CAN"]

1. e4 e5 2. Nf3 Nf6 3. d4 Nxe4 4. Nxe5 d5 5. c4 Bb4+ 6. Bd2 Bxd2+ 7. Nxd2 Nxd2
8. Qxd2 O-O 9. Be2 Be6 10. Rd1 Nd7 11. O-O Nxe5 12. dxe5 dxc4 13. Qe3 Qe7 14.
f4 f5 15. Bf3 c6 16. Rd6 Rfd8 17. Rfd1 Rd7 18. Rxd7 Bxd7 19. Rd6 Be6 20. Qd4 a6
21. Be2 c5 22. Qd2 Rc8 23. Bf3 Rc7 24. Rxe6 1-0

[Event "Edmonton-ch Reserves"]
[Site "Edmonton CAN"]
[Date "2003.02.20"]
[Round "8"]
[White "Scornaiencki, Carmen"]
[Black "Wang, Amanda"]
[Result "1-0"]
[WhiteElo "1405"]
[BlackElo "1139"]
[PlyCount "59"]
[EventDate "2003.01.02"]
[EventType "swiss"]
[EventRounds "8"]
[EventCountry "CAN"]

1. e4 c6 2. d4 d5 3. e5 Bf5 4. Bd3 Bxd3 5. Qxd3 e6 6. Nf3 Ne7 7. Bg5 Qc7 8.
Nbd2 c5 9. dxc5 Nec6 10. Qc3 Nd7 11. b4 Ncxe5 12. Nxe5 Nxe5 13. Bf4 Nd3+ 14.
cxd3 Qxf4 15. O-O Qg5 16. Nf3 Qh6 17. Qc2 Be7 18. Qa4+ Kf8 19. Qd7 g5 20. Qxb7
Re8 21. Qxa7 Qg6 22. Ne5 Qf5 23. d4 Rg8 24. Qa3 h5 25. b5 g4 26. g3 h4 27. gxh4
Bxh4 28. Qe3 g3 29. fxg3 Qh3 30. Rxf7# 1-0

[Event "Empires Fall inv"]
[Site "Vancouver CAN"]
[Date "2003.04.04"]
[Round "1"]
[White "Kosinski, George"]
[Black "Griffiths, Morgan"]
[Result "1/2-1/2"]
[WhiteElo "1964"]
[BlackElo "2174"]
[PlyCount "56"]
[EventDate "2003.04.04"]
[EventType "tourn"]
[EventRounds "5"]
[EventCountry "CAN"]

1. Nf3 d5 2. g3 Nf6 3. Bg2 c6 4. O-O Bg4 5. d3 Nbd7 6. Nbd2 e5 7. e4 Bd6 8. Re1
O-O 9. Nf1 dxe4 10. dxe4 Nc5 11. h3 Bh5 12. Bg5 h6 13. Bxf6 Qxf6 14. b4 Bxf3
15. Bxf3 Na4 16. a3 a5 17. bxa5 Rxa5 18. Kg2 Rfa8 19. Ne3 b5 20. Qd3 Nb6 21.
Qc3 Bc7 22. Red1 Ra4 23. Qc5 Nc4 24. Nf5 Re8 25. Rd7 Bb6 26. Ne7+ Kf8 27. Ng6+
Kg8 28. Ne7+ Kf8 1/2-1/2

[Event "Empires Fall inv"]
[Site "Vancouver CAN"]
[Date "2003.04.04"]
[Round "1"]
[White "Neufahrt, Gerhard"]
[Black "Buck, Stephen"]
[Result "1-0"]
[WhiteElo "2064"]
[BlackElo "1884"]
[PlyCount "65"]
[EventDate "2003.04.04"]
[EventType "tourn"]
[EventRounds "5"]
[EventCountry "CAN"]

1. Nf3 c5 2. c3 Nf6 3. d4 cxd4 4. cxd4 d5 5. Bf4 e6 6. e3 Nc6 7. Nc3 a6 8. Rc1
Be7 9. Bd3 O-O 10. Ne5 Bd7 11. g4 Nxe5 12. dxe5 Ne4 13. Nxe4 dxe4 14. Bxe4 Qa5+
15. Kf1 Bb5+ 16. Kg2 Rad8 17. Qf3 Rd2 18. h4 Rxb2 19. g5 Be2 20. Qg3 Bh5 21.
Bf3 Bxf3+ 22. Qxf3 b5 23. h5 Rxa2 24. g6 fxg6 25. hxg6 hxg6 26. Qg4 Kf7 27. Rc6
Rxf2+ 28. Kxf2 Qa2+ 29. Kg3 b4 30. Ra1 Qd5 31. Raxa6 Rb8 32. Rxe6 Qe4 33. Rxg6
1-0

[Event "Empires Fall inv"]
[Site "Vancouver CAN"]
[Date "2003.04.04"]
[Round "1"]
[White "Ruelland, Geoffrey"]
[Black "Chan, James"]
[Result "0-1"]
[WhiteElo "1878"]
[BlackElo "1997"]
[PlyCount "100"]
[EventDate "2003.04.04"]
[EventType "tourn"]
[EventRounds "5"]
[EventCountry "CAN"]

1. e4 e6 2. d4 d5 3. exd5 exd5 4. c4 Nf6 5. Nc3 Bb4 6. Bd3 O-O 7. Nge2 c5 8.
O-O Bg4 9. f3 Be6 10. cxd5 Nxd5 11. Nxd5 Qxd5 12. Be4 Qd7 13. d5 Bf5 14. Ng3
Bg6 15. Be3 Na6 16. Bf2 c4 17. Bxg6 hxg6 18. Ne4 Rfd8 19. Bh4 Be7 20. Bxe7 Qxe7
21. Re1 Qb4 22. Qd4 c3 23. Qxb4 Nxb4 24. Nxc3 Nc2 25. Rad1 Nxe1 26. Rxe1 Kf8
27. Kf2 Rd6 28. Re4 Rb6 29. Re2 Rd8 30. Rd2 Rbd6 31. Ke3 b5 32. b4 a6 33. Rd4
f5 34. a3 Rc8 35. Kd3 Rd7 36. a4 Rdc7 37. Ne2 bxa4 38. d6 Rd7 39. Nc3 a3 40.
Rd5 Rcd8 41. Ra5 Rxd6+ 42. Kc2 Rd2+ 43. Kb3 Rxg2 44. Rxa6 Rxh2 45. Kxa3 Rd3 46.
Kb3 Rxf3 47. b5 Rhh3 48. Rc6 Rxc3+ 49. Rxc3 Rxc3+ 50. Kxc3 Ke7 0-1

[Event "Empires Fall inv"]
[Site "Vancouver CAN"]
[Date "2003.04.05"]
[Round "2"]
[White "Buck, Stephen"]
[Black "Ruelland, Geoffrey"]
[Result "0-1"]
[WhiteElo "1884"]
[BlackElo "1878"]
[PlyCount "94"]
[EventDate "2003.04.04"]
[EventType "tourn"]
[EventRounds "5"]
[EventCountry "CAN"]

1. c4 Nf6 2. Nc3 d5 3. cxd5 Nxd5 4. g3 g6 5. Bg2 c6 6. d3 Bg7 7. Bd2 O-O 8. Nf3
Nd7 9. O-O e5 10. Rc1 N7b6 11. Nxd5 Nxd5 12. Bc3 Qe7 13. Qc2 Re8 14. Nd2 Nxc3
15. bxc3 Be6 16. e3 Bd5 17. d4 Red8 18. Rfd1 Bxg2 19. Kxg2 c5 20. Nb3 exd4 21.
cxd4 cxd4 22. Nxd4 Rac8 23. Qd3 Rxc1 24. Rxc1 Qd6 25. Rd1 Qd5+ 26. Kg1 Qxa2 27.
Rc1 Qd5 28. Rc7 Be5 29. Rc4 b5 30. Rb4 a6 31. Qb1 Qc5 32. Qb2 Rc8 33. Kg2 Qd5+
34. Kg1 Rc4 35. Rxc4 Qxc4 36. Qa1 b4 37. Qa4 Bxd4 38. exd4 Qxd4 39. Qxa6 b3 40.
Qb7 b2 41. Kg2 Qc3 42. h4 Qc1 43. Qb8+ Kg7 44. Qe5+ Kh6 45. f4 Qc6+ 46. Kh2
b1=Q 47. Qg5+ Kg7 0-1

[Event "Empires Fall inv"]
[Site "Vancouver CAN"]
[Date "2003.04.05"]
[Round "2"]
[White "Griffiths, Morgan"]
[Black "Chan, James"]
[Result "0-1"]
[WhiteElo "2171"]
[BlackElo "1997"]
[PlyCount "90"]
[EventDate "2003.04.04"]
[EventType "tourn"]
[EventRounds "5"]
[EventCountry "CAN"]

1. d4 f5 2. c4 g6 3. g3 Bg7 4. Bg2 Nf6 5. Nc3 d6 6. Nf3 O-O 7. O-O Qe8 8. Nd5
Nxd5 9. cxd5 Qb5 10. Ng5 h6 11. Nh3 c5 12. dxc6 Nxc6 13. d5 Ne5 14. Nf4 Bd7 15.
Be3 g5 16. Nh5 Bh8 17. Bd4 Be8 18. Bxe5 Bxe5 19. e4 f4 20. gxf4 Bxf4 21. Rb1
Bg6 22. Ng3 Qd7 23. Bf3 Qh3 24. Bg4 Qh4 25. Qe2 h5 26. Bf5 Be8 27. Qc4 Rxf5 28.
exf5 Bxg3 29. Qxh4 Bxh4 30. Rbc1 Bb5 31. Rfe1 g4 32. Rc7 Ba6 33. Rec1 b6 34.
R1c3 Rf8 35. Rxa7 Be2 36. Re3 Bf3 37. Rb7 Rxf5 38. Rxb6 Bxd5 39. Rb8+ Kg7 40.
Re2 Bxa2 41. b3 Bb1 42. b4 Bd3 43. Rd2 Bb5 44. Rc8 Re5 45. Rb2 Re1+ 0-1

[Event "Empires Fall inv"]
[Site "Vancouver CAN"]
[Date "2003.04.05"]
[Round "2"]
[White "Kosinski, George"]
[Black "Neufahrt, Gerhard"]
[Result "1-0"]
[WhiteElo "1964"]
[BlackElo "2064"]
[PlyCount "65"]
[EventDate "2003.04.04"]
[EventType "tourn"]
[EventRounds "5"]
[EventCountry "CAN"]

1. Nf3 g6 2. e4 c6 3. d3 Bg7 4. g3 d5 5. Nbd2 Nh6 6. Bg2 Nd7 7. O-O Nc5 8. Re1
Qb6 9. h3 Be6 10. Ng5 O-O-O 11. Rb1 Bd4 12. Qe2 Bg7 13. Nxe6 Nxe6 14. exd5 cxd5
15. Nf1 Nf5 16. Ne3 Ned4 17. Qd1 e6 18. c3 Nc6 19. Nxf5 gxf5 20. d4 Bf6 21. Qh5
Qc7 22. Bf4 Qe7 23. b4 b6 24. a4 Rhg8 25. Qe2 Qb7 26. Qd3 Bg5 27. Bxg5 Rxg5 28.
Qe3 Rdg8 29. c4 Qc7 30. cxd5 f4 31. Qd2 exd5 32. Rbc1 R8g6 33. b5 1-0

[Event "Empires Fall inv"]
[Site "Vancouver CAN"]
[Date "2003.04.05"]
[Round "3"]
[White "Chan, James"]
[Black "Buck, Stephen"]
[Result "1/2-1/2"]
[WhiteElo "1997"]
[BlackElo "1884"]
[PlyCount "83"]
[EventDate "2003.04.04"]
[EventType "tourn"]
[EventRounds "5"]
[EventCountry "CAN"]

1. d4 d5 2. c4 c6 3. Nf3 Nf6 4. Nc3 e6 5. Bg5 Be7 6. e3 Nbd7 7. Bd3 dxc4 8.
Bxc4 O-O 9. O-O b5 10. Bb3 a6 11. Rc1 Bb7 12. Qe2 c5 13. Rfd1 c4 14. Bc2 h6 15.
Bh4 Nd5 16. Bg3 Nxc3 17. bxc3 Nf6 18. e4 Nh5 19. Rf1 Nxg3 20. fxg3 Ba3 21. Rcd1
Qa5 22. Qe3 Bb2 23. Qf4 Bxc3 24. Ne5 Qc7 25. Qe3 Bb4 26. Ng4 f6 27. Kh1 e5 28.
dxe5 fxe5 29. Rf5 Bc5 30. Qc1 Rxf5 31. exf5 Qc6 32. Qd2 h5 33. Nxe5 Qc7 34. Ng6
Qc6 35. Nf4 a5 36. Nxh5 Be7 37. Nf4 Bg5 38. Qd5+ Qxd5 39. Nxd5 Rd8 40. Nc3
Rxd1+ 41. Nxd1 Kf8 42. Kg1 1/2-1/2

[Event "Empires Fall inv"]
[Site "Vancouver CAN"]
[Date "2003.04.05"]
[Round "3"]
[White "Neufahrt, Gerhard"]
[Black "Griffiths, Morgan"]
[Result "0-1"]
[WhiteElo "2064"]
[BlackElo "2171"]
[PlyCount "116"]
[EventDate "2003.04.04"]
[EventType "tourn"]
[EventRounds "5"]
[EventCountry "CAN"]

1. d4 Nf6 2. Nf3 d5 3. Bf4 c6 4. Nbd2 Qb6 5. Rb1 Bf5 6. e3 c5 7. Nh4 Bg4 8.
Nhf3 cxd4 9. exd4 Nc6 10. h3 Bf5 11. g4 Bg6 12. a3 Nxd4 13. Nxd4 Qxd4 14. Bb5+
Nd7 15. Be3 Qe5 16. Qe2 a6 17. Bxd7+ Kxd7 18. f4 Qe6 19. f5 Bxf5 20. gxf5 Qxf5
21. c4 dxc4 22. Qxc4 Rc8 23. Qa4+ Rc6 24. Rd1 Kc8 25. Qg4 Qxg4 26. hxg4 e5 27.
O-O f6 28. Rc1 Be7 29. Rxc6+ bxc6 30. Rc1 Kd7 31. Nc4 Rb8 32. g5 Ke6 33. b4 f5
34. Re1 Rb5 35. Bc5 Bxc5+ 36. bxc5 Rxc5 37. Rc1 f4 38. Kf2 e4 39. Ke2 Rxg5 40.
Rh1 h5 41. Rh4 Rf5 42. Nd2 Kd5 43. Rh1 g6 44. Rd1 Ke5 45. Nc4+ Kf6 46. Rd6+ Kg7
47. Rxc6 e3 48. Kf3 g5 49. Rc7+ Rf7 50. Rc5 g4+ 51. Ke2 Kh6 52. Rc6+ Kg5 53.
Rxa6 f3+ 54. Kxe3 f2 55. Nd2 f1=Q 56. Nxf1 Rxf1 57. a4 g3 58. Ra8 Kh4 0-1